| 000 | 008660000a22002170004500 | ||
|---|---|---|---|
| 020 | _a978-958-8285-44-3 | ||
| 041 | 0 | _aSPA | |
| 082 | 0 | 4 | _aG 272 P4133s |
| 100 | 1 | _aPenner, Glenn M. | |
| 245 | 1 | 0 | _aA la sombra de la cruz : Una teología de la persecución y el discipulado / Glenn M. Penner ; Rogelio Díaz Díaz, Traductor |
| 260 | _aBartlesville, OK. : Libros Sacrificio Vivo | ||
| 300 | _a340 Pág. | ||
| 500 | _aTítulo original : In the shadow of the Cross | ||
| 505 | 0 | 0 | _aI. La perspectiva del Antiguo Testamento II. La revelación de Dios en Cristo III. Hechos de los Apóstoles: Proclamación y persecución IV. La enseñanza de los Apóstoles |
| 650 | 1 | 4 | _aPERSECUCIONES RELIGIOSAS \ SUFRIMIENTO |
| 001 | 14537 | ||
| 942 | _cBK | ||
| 999 |
_c43395 _d43395 |
||
| 336 |
_atexto _btxt _2rdacontent |
||
| 337 |
_2rdamedia _asin mediación _bn |
||
| 338 |
_2rdacarrier _avolumen _bnc |
||